Wholly for God: (Record no. 13152)

000 -LEADER
fixed length control field 00759nam a2200205 a 4500
001 - CONTROL NUMBER
control field :::00010970$&:&@@
003 - CONTROL NUMBER IDENTIFIER
control field OkBaRHE
005 - DATE AND TIME OF LATEST TRANSACTION
control field 20000607103404.0
008 - FIXED-LENGTH DATA ELEMENTS--GENERAL INFORMATION
fixed length control field j 000 0 eng u
040 ## - CATALOGING SOURCE
Transcribing agency
100 1# - MAIN ENTRY--PERSONAL NAME
Personal name Frodsham, Stanley H.
245 10 - TITLE STATEMENT
Title Wholly for God:
Remainder of title a call to complete consecration illustrated by the story of Paul Bettex, a truly consecrated soul.
260 ## - PUBLICATION, DISTRIBUTION, ETC. (IMPRINT)
Place of publication, distribution, etc Springfield, MO., :
Name of publisher, distributor, etc Gospel Publishing House
Date of publication, distribution, etc nd
300 ## - PHYSICAL DESCRIPTION
Extent 63 p. ;
Dimensions 19 cm.
650 ## - SUBJECT ADDED ENTRY--TOPICAL TERM
Topical term or geographic name as entry element Bettex, Paul.
650 ## - SUBJECT ADDED ENTRY--TOPICAL TERM
Topical term or geographic name as entry element Consecration
942 ## - ADDED ENTRY ELEMENTS (KOHA)
Source of classification or shelving scheme
Koha item type Books
Copies
Date acquired Source of classification or shelving scheme Price effective from Damaged status Koha item type Copy number Date last seen Full call number Permanent Location Barcode Withdrawn status Shelving location Lost status Not for loan
2010-04-14 2010-04-14 Books12010-04-14BV 4510 .F7RHEMA Bible Training College10970 General Stacks  
2010-04-14 2010-04-14 Books22010-04-14BV 4510 .F7RHEMA Bible Training College16946 General Stacks